[Event "Clarin GP f"]
[Site "Villa Gisell"]
[Date "1998.03.17"]
[Round "11"]
[White "Rodriguez, Andres URU"]
[Black "Giaccio, Alfredo"]
[Result "1/2-1/2"]
[WhiteElo "2475"]
[BlackElo "2460"]

1.e4 e6 2.d4 d5 3.Nd2 a6 4.Ngf3 c5 5.dxc5 Bxc5 6.Bd3 Ne7 7.O-O Nbc6 8.a3 Ba7
9.b4 O-O 10.Bb2 Ng6 11.e5 Qc7 12.c4 Ncxe5 13.Nxe5 Nxe5 14.Bxh7+ Kxh7 15.Qh5+ Kg8
16.Bxe5 Qd8 17.Nf3 f6 18.cxd5 Qe8 19.Qxe8 Rxe8 20.Bd4 e5 21.Bxa7 Rxa7 22.Rac1 b5
23.Rc6 Rd7 24.Rfc1 Bb7 25.Rb6 Ra8 26.d6 Rad8 27.Ne1 Bd5 28.Rxa6 Rxd6 29.Rxd6 Rxd6
30.Rd1 Kf7 31.Nc2 Rc6 32.Rxd5 Rxc2 33.h4 Ra2 34.Rxb5 Rxa3 35.h5 Kg8 36.Rb8+ Kh7
37.b5 Rb3 38.b6 g6 39.hxg6+ Kxg6 40.b7 Kf5 41.g4+ Ke4 42.Kg2 Rb1 43.g5 fxg5
44.Kg3 Rb2 45.Kg4 Rb1 46.Kxg5 Rg1+ 47.Kh4 Rb1 48.f4 Rh1+ 49.Kg3 Rg1+ 50.Kh4 Rh1+
51.Kg5 Rg1+ 52.Kh5 Rh1+ 53.Kg4 Rg1+ 54.Kh3 Rg7 55.f5 Kf4 56.f6 Rf7 57.Kg2 e4
58.Kf2 e3+ 59.Ke2 Rd7  1/2-1/2

[Event "VISA GP"]
[Site "Reykjavik"]
[Date "1998.03.18"]
[Round "9"]
[White "Petermann, Hubert"]
[Black "Dewenter, Ulf"]
[Result "1/2-1/2"]
[WhiteElo "2125"]
[BlackElo "2245"]

1.e4 e6 2.d4 d5 3.Nd2 Nc6 4.Ngf3 Nf6 5.e5 Nd7 6.c3 f6 7.exf6 Qxf6 8.Be2 Bd6
9.Nf1 O-O 10.Ng3 e5 11.dxe5 Ndxe5 12.O-O Ne7 13.Nxe5 Bxe5 14.Bg4 c5 15.Bxc8 Raxc8
16.Qg4 Qg6  1/2-1/2

[Event "Neckar op 2nd"]
[Site "Deizisau"]
[Date "1998.04.10"]
[Round "6"]
[White "Beckmann, Klaus"]
[Black "Berezovsky, Igor"]
[Result "1/2-1/2"]
[WhiteElo "2280"]
[BlackElo "2375"]

1.e4 e6 2.d4 d5 3.Nd2 a6 4.c3 c5 5.exd5 exd5 6.Ngf3 Nc6 7.Be2 cxd4 8.cxd4 Bd6
9.O-O Nge7 10.Nb3 O-O 11.Bg5 Qc7 12.Rc1 Ng6 13.h3 Bf5 14.Nc5 Nf4 15.Bxf4 Bxf4
16.Rc3 Rfe8 17.Bd3 Be4 18.Nxe4 dxe4 19.d5 exf3 20.dxc6 fxg2 21.Kxg2 bxc6
22.Qf3 Re6 23.Be4 Qe5 24.Rxc6 Qxe4 25.Rxe6 Qxf3+ 26.Kxf3 fxe6 27.Kxf4 Rc8
28.Re1 Kf7 29.Re2 Kf6 30.f3 Rc5 31.Kg3 Ra5 32.a3 Rg5+ 33.Kf2 Rb5 34.b4  1/2-1/2

[Event "AUT-ch U18"]
[Site "Koestendorf"]
[Date "1998.04.10"]
[Round "7.5"]
[White "Hillgarter, Christoph"]
[Black "Spirk, Stefan"]
[Result "1-0"]
[WhiteElo "1972"]
[BlackElo "1957"]

1.e4 e6 2.d4 d5 3.Nd2 a6 4.g3 Bd7 5.Bg2 dxe4 6.Nxe4 Bc6 7.f3 Be7 8.Ne2 Nf6
9.Qd3 Nbd7 10.c4 Nb6 11.O-O O-O 12.Be3 Qd7 13.Rad1 Rad8 14.Qc2 Qc8 15.b3 Rfe8
16.a4 Qb8 17.N2c3 Nc8 18.Bh3 Nd6 19.Nc5 Bf8 20.Nd3 Bd7 21.Ne5 h6 22.Ne4 Be7
23.Rd2 Rf8 24.Nc5 Be8 25.f4 c6 26.Rdf2 Qc7 27.Qe2 Qb8 28.f5 Nxf5 29.Bxf5 exf5
30.Rxf5 Bxc5 31.dxc5 Bd7 32.Nxd7 Nxd7 33.Qg4 Ne5 34.Qe2 Ng6 35.Qf2 Rde8 36.Rxf7 Qe5
37.Bd4  1-0

[Event "Metz op"]
[Site "Metz"]
[Date "1998.04.10"]
[Round "6"]
[White "Kotronias, Vasilios"]
[Black "Eingorn, Vereslav S"]
[Result "0-1"]
[WhiteElo "2570"]
[BlackElo "2605"]

1.e4 e6 2.d4 d5 3.Nd2 a6 4.Ngf3 Nf6 5.e5 Nfd7 6.c4 dxc4 7.Nxc4 b5 8.Ncd2 Bb7
9.Bd3 c5 10.Be4 Bc6 11.Qc2 Ra7 12.O-O Be7 13.Rd1 Qc7 14.Nf1 cxd4 15.Bf4 Nc5
16.Bxc6+ Nxc6 17.Nxd4 Nb4 18.Qe2 Nd5 19.Bg3 O-O 20.Rac1 Qb6 21.Ne3 Nxe3 22.Qxe3 Rd7
23.Nb3 Rxd1+ 24.Rxd1 Rd8 25.Rxd8+ Qxd8 26.h3 Qd1+ 27.Kh2 Nxb3 28.Qxb3 Bf8
29.Qc3 Qe2 30.Bh4 h6 31.f3 a5 32.Bd8 Bb4 33.Qd4 Bd2 34.h4 Qe3 35.Qxe3 Bxe3
36.Bxa5 Bf4+ 37.g3 Bxe5 38.Bc3 Bd6 39.h5 g6 40.hxg6 fxg6 41.f4 Kf7 42.Kg2 h5
43.Kh3 Bc7 44.Kh4 Bd8+ 45.Kh3 Ke7 46.Bb4+ Kd7 47.g4 Kc6 48.gxh5 gxh5 49.Kg3 Kd5
50.Kf3 Bf6 51.Bc3 Bd4 52.Kg3 Ke4 53.Kh4 Be3 54.Kxh5 Kf5 55.Kh6 Bxf4+ 56.Kg7 Be5+
57.Kh6 Bxc3 58.bxc3 e5 59.Kh5 e4  0-1

[Event "Czerniak mem 14th"]
[Site "Tel Aviv"]
[Date "1998.04.10"]
[Round "2"]
[White "Kundin, Alexander"]
[Black "Elbilia, Jacques"]
[Result "1/2-1/2"]
[WhiteElo "2425"]
[BlackElo "2360"]

1.e4 e6 2.d4 d5 3.Nd2 Nc6 4.Ngf3 Nf6 5.e5 Nd7 6.Be2 Be7 7.Nf1 f6 8.exf6 Nxf6
9.Ng3 Bd6 10.c4 dxc4 11.Bxc4 Nd5 12.O-O O-O 13.Re1 h6 14.Qd3 Qf6 15.Qe4 Bxg3
16.hxg3 Qf5 17.Bd2 Bd7 18.Rad1 Qxe4 19.Rxe4 a6 20.Bc1 Rad8 21.Bf4 g5 22.Bc1 Kg7
23.Ne5 Nxe5 24.Rxe5 Bc8 25.g4 Ne7 26.Rc5 c6 27.Re5 Ng6 28.Re4 e5 29.Be3 c5
30.d5 b6 31.b4 b5 32.Bxc5 bxc4 33.Bxf8+ Kxf8 34.Rxc4 Bb7 35.d6 Nf4 36.Rc5 Bxg2
37.Rxe5 Bf3 38.Rd2 Bxg4 39.Kh2 Be6 40.Ra5 Bc4 41.Rc5 Bd3 42.Rc6 Kf7 43.d7 h5
44.Rd6 Bb5 45.Rh6 Bd3 46.Rd6 Bc4 47.Rc6 Bb5 48.Rh6 Ke7 49.Rh7+ Ke6 50.Rh6+ Kf5
51.Rhd6 Ke5 52.Kg3 h4+ 53.Kg4 h3 54.Kg3 Bc4 55.f3 Nd5 56.Rc6 Bb5 57.Rg6 Bxd7
58.Rxa6 Rc8 59.Rg6 Bf5 60.Rxg5 Nxb4 61.Rxf5+  1/2-1/2

[Event "GRE-chT"]
[Site "Poros"]
[Date "1998.04.23"]
[Round "5"]
[White "Tzoumbas, Anastasios"]
[Black "Foukakis, Theodoros"]
[Result "0-1"]
[WhiteElo "2380"]
[BlackElo "2180"]

1.e4 e6 2.d4 d5 3.Nd2 a6 4.Ngf3 c5 5.exd5 exd5 6.dxc5 Bxc5 7.Nb3 Bb6 8.Bg5 Ne7
9.Nfd4 O-O 10.Be2 Nbc6 11.O-O h6 12.Bh4 Nxd4 13.Nxd4 Bxd4 14.Qxd4 Nf5 15.Bxd8 Nxd4
16.Bxa6 Rxd8 17.Bd3 Bf5  0-1

[Event "Budapest FS05 IM"]
[Site "Budapest"]
[Date "1998.05.10"]
[Round "9"]
[White "Gruzmann, Boris"]
[Black "Skorna, Ullrich"]
[Result "0-1"]
[WhiteElo "2290"]
[BlackElo "2195"]

1.e4 e6 2.d4 d5 3.Nd2 Nc6 4.Ngf3 Nf6 5.e5 Nd7 6.Nb3 a5 7.Bb5 a4 8.Nbd2 a3
9.bxa3 Bxa3 10.Bxa3 Rxa3 11.h4 f6 12.Rh3 O-O 13.Bxc6 bxc6 14.Nb3 c5 15.Kf1 c4
16.Nbd2 fxe5 17.dxe5 Nxe5 18.Nxe5 Rxh3 19.gxh3 Qxh4 20.Ndf3 Qxh3+ 21.Ke2 Rf4
22.Rb1 Re4+ 23.Kd2 c3+ 24.Kxc3 Rxe5 25.Rb8 Rf5 26.Rxc8+ Kf7 27.Rxc7+ Kg8
28.Rc8+ Kf7 29.Rc7+ Kf8 30.Qd4 Qxf3+ 31.Kb2 Rf6 32.Qc5+ Kg8 33.Qe7 Rf7 34.Qe8+ Rf8
35.Qxe6+ Kh8 36.Rc8 d4 37.Rxf8+ Qxf8 38.Qb6 h5 39.Qxd4 Qf6 40.Qxf6 gxf6 41.c4 Kg7  0-1

[Event "FRA-chT"]
[Site "FRA"]
[Date "1998.05.10"]
[Round "10"]
[White "Godena, Michele"]
[Black "Bauer, Christian"]
[Result "1/2-1/2"]
[WhiteElo "2500"]
[BlackElo "2520"]

1.e4 e6 2.d4 d5 3.Nd2 Nc6 4.Ngf3 Nf6 5.e5 Nd7 6.Bb5 Ncb8 7.O-O b6 8.Re1 a5
9.c3 Ba6 10.Ba4 Bd3 11.Nf1 Bg6 12.Ng3 Be7 13.Be3 c6 14.Qd2 b5 15.Bd1 h6 16.Rf1 Nb6
17.Ne1 Nc4 18.Qc1 b4 19.b3 Nxe3 20.fxe3 bxc3 21.Bh5 O-O 22.Bxg6 fxg6 23.Rxf8+ Bxf8
24.Qxc3 Bb4 25.Qd3 Qe8 26.Nf3 Nd7 27.Rc1 Nf8 28.h3 Ra7 29.Ne2 a4 30.Nc3 axb3
31.axb3 Be7 32.Na4 Rb7 33.Qc2 Qb8 34.Rb1 Rb4 35.Ne1 Bg5 36.Kf2 Bh4+ 37.g3 Be7
38.Nd3 Rb7 39.Ke2 g5 40.g4 Qe8 41.Rc1 Rc7 42.Nac5 Qa8 43.Qc3 Ra7 44.Na4 Qb7
45.Ra1 Qb5 46.Qc2 Nd7 47.Nc3 Qb7 48.Rxa7 Qxa7 49.Na4 Qa6 50.Kd1 Qb5 51.Nc3 Qa6
52.Na4 Qb5 53.Kc1 Kf7 54.Kb2 Nb6 55.Nxb6 Qxb6 56.Kc1 Qb5 57.Kd2 Qa6 58.Ke2 Kf8
59.Kf2 Kf7 60.Nc1 Qb5 61.Nd3  1/2-1/2

[Event "Boca Juniors op"]
[Site "Buenos Aires"]
[Date "1998.05.15"]
[Round "8"]
[White "Rodriguez, Andres"]
[Black "Giaccio, Alfredo"]
[Result "1/2-1/2"]
[WhiteElo "2475"]
[BlackElo "2460"]

1.e4 e6 2.d4 d5 3.Nd2 a6 4.Ngf3 c5 5.dxc5 Bxc5 6.Bd3 Nc6 7.a3 Nge7 8.O-O O-O
9.b4 Ba7 10.Bb2 Ng6 11.e5 Qe7 12.c4 Ncxe5 13.Nxe5 Nxe5 14.Bxh7+ Kxh7 15.Qh5+ Kg8
16.Bxe5 Qd8 17.Nf3 f6 18.cxd5 Qe8 19.Qxe8 Rxe8 20.Bd4 e5 21.Be3 Rd8 22.Rfd1 Bxe3
23.fxe3 Bf5 24.Rac1 Be4 25.d6 Rd7 26.Nd2 Bc6 27.Nc4 Rdd8 28.Rd2 Bb5 29.a4  1/2-1/2

[Event "Capablanca mem 33th Premier"]
[Site "Havana"]
[Date "1998.05.18"]
[Round "10"]
[White "Vallejo Pons, Francisco"]
[Black "Pecorelli Garcia, Humberto"]
[Result "1/2-1/2"]
[WhiteElo "2415"]
[BlackElo "2465"]

1.e4 e6 2.d4 d5 3.Nd2 Nc6 4.Ngf3 Nf6 5.e5 Nd7 6.Be2 f6 7.exf6 Nxf6 8.O-O Bd6
9.c4 O-O 10.c5 Bf4 11.Bb5 Ne4 12.Re1 Nxd4 13.Nxe4 Nxb5 14.Neg5 Bxc1 15.Rxc1  1/2-1/2

[Event "Garcia mem Premier"]
[Site "Santa Clara"]
[Date "1998.05.24"]
[Round "1"]
[White "Herrera, Irisberto"]
[Black "Pecorelli Garcia, Humberto"]
[Result "1/2-1/2"]
[WhiteElo "2445"]
[BlackElo "2465"]

1.e4 e6 2.d4 d5 3.Nd2 Nc6 4.Ngf3 Nf6 5.e5 Nd7 6.Be2 Be7 7.Nf1 O-O 8.Ne3 f6
9.exf6 Nxf6 10.O-O Bd6 11.c4 b6 12.b3 Bb7 13.Bb2 Qe7 14.Ne5 dxc4 15.Bxc4 Nb4
16.a4 a6 17.Rc1 b5 18.Be2 Nfd5 19.Nxd5 Bxd5 20.Rc3 Rab8 21.axb5 axb5 22.Qb1 Rf4
23.Rg3 Be4 24.Qc1 Nd5 25.Re1 Bb4 26.Rd1 Bd6 27.Re1 Bb4  1/2-1/2

[Event "Sarajevo Bosnia"]
[Site "Sarajevo"]
[Date "1998.05.30"]
[Round "2"]
[White "Georgiev, Kiril"]
[Black "Lputian, Smbat G"]
[Result "1-0"]
[WhiteElo "2675"]
[BlackElo "2610"]

1.e4 e6 2.d4 d5 3.Nd2 Be7 4.Ngf3 Nf6 5.Bd3 c5 6.dxc5 dxe4 7.Bxe4 Na6 8.Bd3 Nxc5
9.Bb5+ Bd7 10.Bxd7+ Qxd7 11.O-O O-O 12.b3 Rfd8 13.Bb2 Qb5 14.Re1 Rac8 15.a4 Qa6
16.Qe2 Qxe2 17.Rxe2 Nd5 18.g3 Bf6 19.Bxf6 gxf6 20.Nf1 Nc3 21.Rd2 Na6 22.Ne3 Nb4
23.Kg2 Kg7 24.Re1 f5 25.Rd4 Ncd5 26.Re2 Nxe3+ 27.fxe3 Rxd4 28.Nxd4 Rc3 29.Kf2 a6
30.Ke1 Kg6 31.Kd2 Nd5 32.e4 fxe4 33.Rxe4 h5 34.Re5 Rc8 35.c4 Nf6 36.Ne2 Rh8
37.Nf4+ Kg7 38.Ke2 Kf8 39.Rc5 h4 40.Rc8+ Kg7 41.Rc7 e5 42.Nd3 hxg3 43.hxg3 Rh2+
44.Ke3 Ng4+ 45.Kf3 Rd2 46.Nc5 Nh2+ 47.Ke4 Kf6 48.Rxb7 Ng4 49.Kf3 Nh2+ 50.Ke4 Ng4
51.Rd7 Rb2 52.Kf3 Nh2+ 53.Ke4 Ng4 54.Kd5 Rd2+ 55.Kc6 Rxd7 56.Kxd7 Kf5 57.Nxa6 e4
58.Nb4 e3 59.Nc2 Ke4 60.Nxe3  1-0

[Event "Russian Club Cup"]
[Site "Maikop"]
[Date "1998.06.12"]
[Round "10"]
[White "Vokarev, Sergey"]
[Black "Lobach, Pavel V"]
[Result "1/2-1/2"]
[WhiteElo "2485"]
[BlackElo "2395"]

1.e4 e6 2.d4 d5 3.Nd2 a6 4.Ngf3 c5 5.dxc5 Bxc5 6.Bd3 Nc6 7.O-O Nge7 8.a3 O-O
9.b4 Ba7 10.Bb2 Ng6 11.Nb3 Nf4 12.e5 Nxd3 13.cxd3 d4 14.Re1 f6 15.Qc2 fxe5
16.Nxe5 Nxe5 17.Rxe5 Bb8 18.Re4 e5 19.Nc5 Kh8 20.Re2 b6 21.Ne4 Bb7 22.Bc1 h6
23.Bb2 Bd5 24.Rc1 Ra7 25.f3 Rc7 26.Qb1 Rxc1+ 27.Bxc1 Qd7 28.Bd2 Qa4 29.Re1 Rc8
30.Rc1 Rxc1+ 31.Qxc1 Qc6  1/2-1/2

[Event "SVK-ch"]
[Site "Prievidza"]
[Date "1998.06.27"]
[Round "1.34"]
[White "Janik, Miroslav"]
[Black "Fichtl, Jiri"]
[Result "0-1"]
[WhiteElo "1968"]
[BlackElo "2215"]

1.e4 e6 2.d4 d5 3.Nd2 Nc6 4.Ngf3 Nf6 5.e5 Nd7 6.c3 f6 7.exf6 Qxf6 8.Bd3 Bd6
9.O-O e5 10.Re1 O-O 11.Qb3 Nb6 12.Nf1 h6 13.Be3 Be6 14.Nxe5 Nxe5 15.dxe5 Bxe5
16.Qc2 Nc4 17.Bc5 Bd6 18.Bxd6 Nxd6 19.Ng3 Rfe8 20.Re3 Bf7 21.Rae1 Rxe3 22.Rxe3 Re8
23.Rxe8+ Bxe8 24.Qe2 Kf8 25.Nh5 Bxh5 26.Qxh5 Qe6 27.Qe2 Qxe2 28.Bxe2 Ke7
29.f4 c6 30.Kf2 Ne4+ 31.Ke3 Nc5 32.b3 Kd6 33.Bf3 Ne6 34.h4 a5 35.f5 Nc5 36.Kd4 Nd7
37.b4 b6 38.bxa5 bxa5 39.Ke3 Ke5 40.g4 h5 41.g5 Kxf5 42.Bxh5 c5 43.Bf3 Nb6
44.Be2 Nd7 45.c4 d4+ 46.Kd2 Ne5 47.Kc2 Kf4 48.Kb3 Ke3 49.Bd1 Kd2 50.Bh5 g6
51.Bxg6 Nxg6 52.h5 Nf4 53.Ka4 Kc3  0-1

[Event "SVK-ch"]
[Site "Prievidza"]
[Date "1998.06.28"]
[Round "2.41"]
[White "Hagarova, Zuzana"]
[Black "Orgon, Dusan"]
[Result "1-0"]
[WhiteElo "2305"]
[BlackElo "2020"]

1.e4 e6 2.d4 d5 3.Nd2 Nc6 4.Ngf3 Nf6 5.e5 Nd7 6.Nb3 Be7 7.Bb5 Ncb8 8.c3 a6
9.Bd3 c5 10.Nxc5 Nxc5 11.dxc5 Bxc5 12.O-O h6 13.Qe2 Bd7 14.Re1 Bc6 15.Nd4 Bxd4
16.cxd4 Qb6 17.Qg4 Kf8 18.Re3 Bb5 19.Rg3 g5 20.Bxb5 axb5 21.h4 Nc6 22.Be3 Ra4
23.hxg5 h5 24.Qd1 Ne7 25.g6 fxg6 26.Qf3+ Ke8 27.Qf6 Rf8 28.Qg7 Rc4 29.b3 Rc6
30.Rf3 Rxf3 31.gxf3 Qc7 32.Bg5 Qd8 33.Kg2 Kd7 34.Rh1 Rc8 35.Rh4 Qf8 36.Qh7 Re8
37.Rf4 Qg8 38.Rf7 Qxh7 39.Rxh7 Kd8 40.Rg7 Kd7 41.Kh3 b4 42.Kg2 b6 43.Kh3 Kd8
44.Rxg6 Kc8 45.Rxe6 Kd7 46.Rxe7+  1-0

[Event "RUS-Cup07"]
[Site "Tomsk"]
[Date "1998.07.22"]
[Round "8"]
[White "Bragin, A."]
[Black "Matveeva, Svetlana"]
[Result "1-0"]
[WhiteElo "2375"]
[BlackElo "2460"]

1.e4 e6 2.d4 d5 3.Nd2 Be7 4.Ngf3 Nf6 5.Bd3 c5 6.exd5 Qxd5 7.dxc5 Nbd7 8.Nb3 Nxc5
9.Bb5+ Bd7 10.Qxd5 Nxd5 11.Bc4 Nb4 12.Nbd4 Rc8 13.a3 Nc6 14.Be3 Na4 15.b3 Nb6
16.Bd3 Nd5 17.c4 Nxe3 18.fxe3 f5 19.b4 Bf6 20.Ra2 Ne7 21.Be2 e5 22.Nb3 b6
23.O-O O-O 24.Rc1 e4 25.Nfd4 Bg5 26.Kf2 f4 27.c5 Kh8 28.Ba6 fxe3+ 29.Ke1 Rce8
30.c6 Bg4 31.Be2 Bxe2 32.Rxe2 Nd5 33.g3 a6 34.c7 Bf6 35.Rc6 Rc8 36.Rec2 Rf7
37.Ne6 Be5 38.R2c4  1-0

[Event "Oberwart op"]
[Site "Oberwart"]
[Date "1998.07.30"]
[Round "6"]
[White "Lanka, Zigurds"]
[Black "Eingorn, Vereslav S"]
[Result "1/2-1/2"]
[WhiteElo "2515"]
[BlackElo "2610"]

1.e4 e6 2.d4 d5 3.Nd2 a6 4.Ngf3 c5 5.exd5 exd5 6.dxc5 Bxc5 7.Be2 Nf6 8.O-O O-O
9.Nb3 Ba7 10.c3 Nc6 11.Bg5  1/2-1/2

[Event "North Bay op"]
[Site "North Bay"]
[Date "1998.08.06"]
[Round "3"]
[White "Kudrin, Sergey"]
[Black "Nogueiras, Jesus"]
[Result "1/2-1/2"]
[WhiteElo "2540"]
[BlackElo "2510"]

1.e4 e6 2.d4 d5 3.Nd2 Be7 4.Ngf3 dxe4 5.Nxe4 Nf6 6.Bd3 Nbd7 7.Qe2 c5 8.Nxf6+ Bxf6
9.d5 Nb6 10.Bb5+ Kf8 11.dxe6 Bxe6 12.a4 a6 13.Bd3 c4 14.Be4 Qc7  1/2-1/2

[Event "BCF-ch"]
[Site "Torquay"]
[Date "1998.08.06"]
[Round "10"]
[White "Morrison, Chris"]
[Black "Gunter, David WW"]
[Result "0-1"]
[WhiteElo "2200"]
[BlackElo "2185"]

1.e4 e6 2.d4 d5 3.Nd2 Nc6 4.c3 e5 5.exd5 Qxd5 6.Ngf3 exd4 7.Bc4 Qh5 8.cxd4 Be6
9.Bxe6 fxe6 10.O-O Nf6 11.Nc4 O-O-O 12.Be3 Bd6 13.Nfe5 Qxd1 14.Rfxd1 Bxe5
15.Nxe5 Nxe5 16.dxe5 Nd5 17.Bd4 Rd7 18.Rd2 Rhd8 19.Rad1 b6 20.b3 c5 21.Bb2 Kc7
22.a3 Kc6 23.g3 a5 24.f4 Ne3 25.Rxd7 Rxd7 26.Rxd7 Kxd7 27.Bc1 Nf5 28.Bb2 Kc6
29.Kf2 Kd5 30.g4 Nd4 31.Ke3 Nc6 32.h4 g6 33.Kd3 h5 34.gxh5 gxh5 35.Bc3 Ne7
36.Be1 Nf5 37.Bf2 Ng7 38.b4 axb4 39.axb4 c4+ 40.Ke2 b5 41.Kf3 Nf5 42.Be1 Nd4+
43.Kf2 Ke4  0-1

[Event "ARG-ch97"]
[Site "Villa Martelli"]
[Date "1998.08.18"]
[Round "12"]
[White "Rosito, Jorge"]
[Black "Giaccio, Alfredo"]
[Result "1/2-1/2"]
[WhiteElo "2360"]
[BlackElo "2460"]

1.e4 e6 2.d4 d5 3.Nd2 a6 4.Ngf3 c5 5.exd5 exd5 6.Be2 c4 7.O-O Bd6 8.b3 cxb3
9.axb3 Ne7 10.c4 O-O 11.c5 Bc7 12.b4 Bf5 13.b5 Ba5 14.Nb3 axb5 15.Bxb5 Nbc6
16.Bf4 Ra7 17.Bd6 Bc7 18.Rxa7 Nxa7 19.Bxc7 Qxc7 20.Bd3 Nac6 21.Re1 f6 22.Bxf5 Nxf5
23.Qe2 Qd7 24.h3 Ra8 25.Qb5 h5 26.Rb1 Qe7 27.Re1 Qd7 28.Rb1 Qe7  1/2-1/2

[Event "FRA-ch"]
[Site "Meribel"]
[Date "1998.08.20"]
[Round "7"]
[White "Marciano, David"]
[Black "Bauer, Christian"]
[Result "1/2-1/2"]
[WhiteElo "2525"]
[BlackElo "2490"]

1.e4 e6 2.d4 d5 3.Nd2 Nc6 4.Ngf3 Nf6 5.e5 Nd7 6.Bd3 Nb4 7.Be2 c5 8.c3 Nc6
9.O-O cxd4 10.cxd4 Nb6 11.Re1 Bd7 12.Nf1 Be7 13.Be3 a5 14.Rc1 a4 15.a3 Na5
16.N1d2 Bc6 17.Bd3 h6 18.Qe2 Qd7 19.h3 Rc8 20.Nh2 h5 21.Nhf3 Qd8 22.Rc3 Kd7
23.Rec1 g5 24.Ne1 Qg8 25.g3 Rc7 26.Bb5 Qg6 27.Bd3 Qg7 28.Bb5 Qg6 29.Bd3 Qg7
30.Bb5 Qg6  1/2-1/2

[Event "POL-chTJ"]
[Site "Rowy"]
[Date "1998.08.24"]
[Round "5"]
[White "Liwak, Przemyslaw"]
[Black "Wisniewski, Adrian"]
[Result "0-1"]
[WhiteElo "2230"]
[BlackElo "2185"]

1.e4 e6 2.d4 d5 3.Nd2 a6 4.e5 c5 5.c3 Nc6 6.Ndf3 cxd4 7.cxd4 Bb4+ 8.Bd2 Qa5
9.Ne2 Bxd2+ 10.Qxd2 Qxd2+ 11.Kxd2 f6 12.exf6 gxf6 13.Nc3 Nge7 14.Re1 Kf7
15.Bd3 b5 16.Re2 h6 17.h3 Rg8 18.g3 Bd7 19.Rhe1 Nc8 20.b3 Nb6 21.Kc1 Rae8
22.Kb2 Re7 23.a3 Rge8 24.Rd2 b4 25.axb4 Nxb4 26.Bf1 a5 27.Nb5 Bxb5 28.Bxb5 Rb8
29.Nh4 Nc8 30.Be2 a4 31.Bh5+ Kg7 32.Ng6 Ra7 33.Nf4 axb3 34.Nxe6+ Kg8 35.Ra1 Rxa1
36.Kxa1 Nd6 37.Rb2 Nc2+ 38.Kb1 Na3+ 39.Ka1 Ndc4 40.Bf3 Nxb2 41.Kxb2 Nc4+  0-1

[Event "FRA-ch playoff"]
[Site "Meribel"]
[Date "1998.08.29"]
[Round "1"]
[White "Miralles, Gilles"]
[Black "Bauer, Christian"]
[Result "1/2-1/2"]
[WhiteElo "2520"]
[BlackElo "2520"]

1.e4 e6 2.d4 d5 3.Nd2 a6 4.Ngf3 c5 5.exd5 exd5 6.Be2 c4 7.O-O Bd6 8.Re1 Ne7
9.a4 O-O 10.b3 cxb3 11.cxb3 Nbc6 12.Ba3 Bf5 13.Bxd6 Qxd6 14.Nf1 Rac8 15.Rc1 h6
16.h3 Rfe8 17.Bd3 Qf6 18.Ne3 Be6 19.Bb1 Ng6 20.Ng4 Bxg4 21.hxg4 Nf4 22.Bf5 Rxe1+
23.Qxe1 Rd8 24.Qe3 Nxd4 25.Nxd4 Qxd4 26.Qe7 Rf8 27.Rc8 Rxc8 28.Bxc8 g6 29.Qe3 Qd1+
30.Kh2 Ne2 31.Qe8+ Kg7 32.Qe5+ Kh7 33.Bxb7 Qg1+ 34.Kh3 Qxf2 35.Bxd5 a5 36.Bb7 Nf4+
37.Kh2 Qh4+ 38.Kg1 Qxg4 39.Bf3 Qg3 40.Qxa5 Nh3+ 41.Kh1 Nf2+  1/2-1/2

[Event "CRO-chT"]
[Site "Porec"]
[Date "1998.09.07"]
[Round "3"]
[White "Zelenika, Srdjan"]
[Black "Kovacevic, Vlatko"]
[Result "1/2-1/2"]
[WhiteElo "2255"]
[BlackElo "2520"]

1.e4 e6 2.d4 d5 3.Nd2 Nc6 4.Ngf3 Nf6 5.e5 Nd7 6.Be2 a6 7.Nf1 f6 8.exf6 Nxf6
9.Ne3 Bd6 10.O-O O-O 11.c4 b6 12.a3 Bb7 13.Qc2 Qd7 14.b4 Rae8 15.b5 axb5
16.cxb5 Ne7 17.Ne5 Bxe5 18.dxe5 Ne4 19.Bb2 Ng6 20.f3 Nc5 21.g3 c6 22.a4 Rc8
23.Bd4 cxb5 24.axb5 Ra8 25.Qb2 Rfc8 26.Rfc1 Rxa1 27.Rxa1 Nf8 28.Nd1  1/2-1/2

[Event "CRO-chT"]
[Site "Porec"]
[Date "1998.09.10"]
[Round "5"]
[White "Brnas, Augustin"]
[Black "Kovacevic, Vlatko"]
[Result "1/2-1/2"]
[WhiteElo "2300"]
[BlackElo "2520"]

1.e4 e6 2.d4 d5 3.Nd2 Nc6 4.Ngf3 Nf6 5.e5 Nd7 6.c3 f6 7.Bb5 fxe5 8.dxe5 Be7
9.O-O O-O 10.Re1 a5 11.b3 Nc5 12.a3 Bd7 13.Bf1 Qe8 14.Bb2 Qg6 15.Qb1 Qh5
16.b4 Na4 17.b5 Nd8 18.Bc1 c5 19.Qc2 Nb6 20.a4 Be8 21.c4 Bg6 22.Bd3 Bxd3
23.Qxd3 Qf5 24.Qc3 g5 25.h3 h5 26.Rf1 Nf7 27.Bb2 Kh7 28.cxd5 Nxd5 29.Qb3 Rg8
30.Rae1 g4 31.hxg4 Rxg4 32.Nh2 Rb4 33.Qa3 Rg8 34.Bc1 Nxe5 35.Ndf3 Nd3 36.Rxe6 Nxc1
37.Rxe7+ Nxe7 38.Qxc1 Nd5 39.Re1 Nf4 40.g3 Ne2+ 41.Rxe2 Rb1 42.Re7+ Kh8 43.Qxb1 Qxb1+
44.Kg2 c4 45.Ne5 c3 46.f4 c2 47.f5 c1=Q 48.Nf7+ Kg7 49.Nd6+ Kf6 50.Re6+ Kg7
51.Re7+ Kh6 52.Nf7+ Kh7 53.Ng5+ Kh6 54.Nf7+  1/2-1/2

[Event "Itau Mercosul Cup 2nd"]
[Site "Sao Paulo"]
[Date "1998.09.16"]
[Round "9"]
[White "Ratcu, Tatiana"]
[Black "Martinez, Carlos Alejandro"]
[Result "1/2-1/2"]
[WhiteElo "2195"]
[BlackElo "2425"]

1.e4 e6 2.d4 d5 3.Nd2 Nc6 4.Ngf3 Nf6 5.e5 Nd7 6.c3 f6 7.Bb5 fxe5 8.dxe5 Bc5
9.O-O O-O 10.Nb3 Bb6 11.Bg5 Qe8 12.Bxc6 bxc6 13.Bh4 a5 14.Re1 Ba6  1/2-1/2

[Event "Elista ol (Men)"]
[Site "Elista"]
[Date "1998.09.30"]
[Round "2"]
[White "Oral, Tomas"]
[Black "Kovacevic, Vlatko"]
[Result "1/2-1/2"]
[WhiteElo "2510"]
[BlackElo "2520"]

1.e4 e6 2.d4 d5 3.Nd2 Nc6 4.Ngf3 Nf6 5.e5 Nd7 6.Be2 a6 7.Nf1 f6 8.exf6 Nxf6
9.Bg5 Bd6 10.Ne3 h6 11.Bh4 Bd7 12.O-O Qe7 13.Ne5 Nxe5 14.dxe5 Bxe5 15.Bh5+ Kd8
16.Bg6 Kc8 17.c4 Qd6 18.Bg3 Bxg3 19.hxg3 d4 20.Nc2 c5 21.b4 b6 22.a4 a5 23.bxc5 bxc5
24.Re1 h5 25.Na3 h4 26.Qf3 Qc6 27.Qxc6+ Bxc6 28.Rxe6 Bxa4 29.Nb5 Bxb5 30.cxb5 hxg3
31.Rc1 Kb7 32.Re7+ Kb6 33.Re6+ Kb7 34.Re7+ Kb6 35.Re6+ Kb7  1/2-1/2

[Event "Elista ol (Men)"]
[Site "Elista"]
[Date "1998.10.01"]
[Round "3"]
[White "Nedev, Trajce"]
[Black "Manninen, Marko"]
[Result "1-0"]
[WhiteElo "2435"]
[BlackElo "2385"]

1.e4 e6 2.d4 d5 3.Nd2 Be7 4.Ngf3 Nf6 5.Bd3 c5 6.e5 Nfd7 7.c3 Nc6 8.O-O O-O
9.Re1 cxd4 10.cxd4 f5 11.exf6 Rxf6 12.Nf1 Nf8 13.Ne3 Bb4 14.Rf1 Bd6 15.Ng4 Rf7
16.Be3 Rc7 17.a3 Bd7 18.Bg5 Qc8 19.Qd2 Be8 20.Bf4 Bxf4 21.Qxf4 Bh5 22.Rae1 Rf7
23.Qg3 Bxg4 24.Qxg4 Rf6 25.Re3 Qc7 26.g3 a5 27.Rfe1 h6 28.Ne5 Qb6 29.Nxc6 Qxc6
30.Qd1 Qb6 31.Be2 Rc8 32.Rb3 Qa7 33.Rb5 b6 34.Qb3 Rc6 35.Qe3 Qc7 36.Bd3 Rf7
37.Rb3 Qc8 38.f4 Rfc7 39.Kg2 Qd8 40.Rf1 Qf6 41.Rc3 Rxc3 42.bxc3 Nd7 43.f5 e5
44.Bb5 exd4 45.cxd4 Nf8 46.Qe5 Qxe5 47.dxe5 Kf7 48.Rd1 Rc2+ 49.Kf3 g6 50.g4 Rxh2
51.Rc1 h5 52.Rc7+ Kg8 53.e6  1-0

[Event "Elista ol (Men)"]
[Site "Elista"]
[Date "1998.10.03"]
[Round "5"]
[White "Smirin, Ilia"]
[Black "Short, Nigel D"]
[Result "1/2-1/2"]
[WhiteElo "2615"]
[BlackElo "2670"]

1.e4 e6 2.d4 d5 3.Nd2 a6 4.Ngf3 c5 5.c3 cxd4 6.cxd4 Nc6 7.Bd3 dxe4 8.Nxe4 Be7
9.O-O Nf6 10.Be3 O-O 11.Ne5 Bd7 12.Qf3 Rc8 13.Rad1 Nxe4 14.Bxe4 f5 15.Bxc6 Bxc6
16.Nxc6 bxc6 17.Bf4 Qd5 18.Qe3 Bf6 19.b3 Rfd8 20.Be5 Bxe5  1/2-1/2

[Event "Elista ol (Men)"]
[Site "Elista"]
[Date "1998.10.04"]
[Round "6"]
[White "Tzermiadianos, Andreas"]
[Black "Giaccio, Alfredo"]
[Result "1/2-1/2"]
[WhiteElo "2465"]
[BlackElo "2460"]

1.e4 e6 2.d4 d5 3.Nd2 a6 4.Ngf3 Nf6 5.e5 Nfd7 6.Bd3 c5 7.c3 Nc6 8.O-O Be7
9.Re1 cxd4 10.cxd4 Qb6 11.Nb3 a5 12.a4 Nb4 13.Bg5 Nxd3 14.Qxd3 Bb4 15.Bd2 h6
16.Rec1 O-O 17.Qb5 Bxd2 18.Nfxd2 Qd8 19.Rc2 Nb8 20.Rc3 b6 21.Qe2 Bd7 22.Rg3 Qh4
23.Rg4 Qe7 24.Nc1 Rc8 25.Nd3 Nc6 26.Qe3 Kh7 27.Nf4 g6 28.h4 Nb4 29.h5 g5
30.Nh3 f5 31.exf6 Qxf6 32.Nf3 Nc2 33.Nfxg5+ hxg5 34.Nxg5+ Kg8 35.Qg3 Kh8
36.Rf4 Nxd4 37.Rxd4 Rg8 38.Qe5 Raf8 39.Nf3 Be8 40.Re1 Qxe5 41.Nxe5 Rg5 42.Nd3 Rf6
43.f4 Rxh5 44.g4 Rh4 45.g5 Rg6 46.Re5 Bf7 47.Kg2 Rg8 48.Nf2 Rc8 49.Kg3 Rh5
50.Re3 Rc1 51.Kg2 Rc2 52.b4 Kg7  1/2-1/2

[Event "Elista ol (Men)"]
[Site "Elista"]
[Date "1998.10.09"]
[Round "10"]
[White "Dervishi, Erald"]
[Black "Egger, Jorge"]
[Result "1-0"]
[WhiteElo "2430"]
[BlackElo "2415"]

1.e4 e6 2.d4 d5 3.Nd2 Nc6 4.Ngf3 Nf6 5.e5 Nd7 6.Be2 f6 7.exf6 Qxf6 8.c3 e5
9.dxe5 Ncxe5 10.O-O Bd6 11.c4 O-O 12.cxd5 Nxf3+ 13.Nxf3 Nb6 14.Qd4 Qxd4 15.Nxd4 Nxd5
16.Bc4 c6 17.Be3 Be5 18.Rfd1 Bg4 19.Rd2 Bxd4 20.Bxd4 Be6 21.Re1 Bf7 22.h4 Nb6
23.Bxf7+ Rxf7 24.Re4 Nd5 25.Rd3 Rf4 26.Rxf4 Nxf4 27.Re3 Rd8 28.Bxa7 Rd1+
29.Kh2 Nd5 30.Rf3 Rd2 31.Bc5 g6 32.Rf8+ Kg7 33.Rb8 b5 34.Rc8 Kf6 35.Rxc6+ Ke5
36.Rc8 Ke4 37.b3 Rxa2 38.Re8+ Kd3 39.Rd8 Ke4 40.f3+ Ke5 41.Kg3 Rc2 42.Re8+ Kf6
43.Bd4+ Kf7 44.Rb8 b4 45.Rb7+ Ke6 46.Rxh7 Rd2 47.Bc5 Rc2 48.Ba7 Rc3 49.h5 gxh5
50.Rh6+ Kd7 51.Rxh5 Kc6 52.Rh6+ Kd7 53.Kg4 Rxb3 54.Kf5 Ne7+ 55.Ke4 Rb2 56.g4 Nc6
57.Rh7+ Kd6 58.Rh6+ Kd7 59.Rh7+ Kd6 60.Be3 Rb1 61.g5 b3 62.Rb7 Na5 63.Rb6+ Ke7
64.g6 Re1 65.Kf4 Rxe3 66.g7 Rxf3+ 67.Kxf3 Kf7 68.Ke4 Nc4 69.Rb7+ Kg8 70.Kd5 Ne3+
71.Ke6 b2 72.Rxb2 Kxg7 73.Rb3 Nc2 74.Ke5 Kf7 75.Rb7+ Kg6 76.Ke4 Kf6 77.Rb2 Na3
78.Kd4 Ke6 79.Kc5  1-0